Statistics for Countries of Oscar Best International Film

Click here to take the quiz!

General Stats

  • This quiz has been taken 878 times
    (759 since last reset)
  • The average score is 21 of 29

Answer Stats

# WonCountry% Correct
14Italy
98%
1West Germany
98%
12France
97%
4Germany
97%
5Japan
96%
1South Korea
96%
1United Kingdom
96%
4Spain
95%
1Mexico
93%
1Russia
93%
3Sweden
89%
1Poland
84%
4Denmark
79%
3Netherlands
79%
2Argentina
78%
1Canada
77%
2Austria
74%
1South Africa
72%
2Switzerland
71%
2Iran
69%
1Taiwan
67%
3Soviet Union
65%
1Czech Republic
63%
2Hungary
61%
1Chile
60%
2Czechoslovakia
36%
1Algeria
29%
1Bosnia and
Herzegovina
24%
1Ivory Coast
7%

Score Distribution

Percentile by Number Answered

Percent of People with Each Score

Your Score History

You have not taken this quiz since the last reset